Jornada / Diputació de Barcelona. Xarxa de Municipis
Descripción Física:
1 carpeta amb llom de 5 mm ; 31 cm
MARC
| LEADER | 00000nam a2200000Ia 4500 | ||
|---|---|---|---|
| 001 | 20783 | ||
| 008 | 160829s2007 xx 000 0 cat d | ||
| 080 | |a NBM-1-23 | ||
| 110 | 1 | |a Barcelona (Catalunya : Província). |b Diputació |9 52408 | |
| 245 | |a Jornada / Diputació de Barcelona. Xarxa de Municipis | ||
| 260 | |a [Barcelona : |b la Diputació], |c 2007 | ||
| 300 | |a 1 carpeta amb llom de 5 mm ; |c 31 cm | ||
| 901 | |a Arxiu | ||
| 942 | |n 1 | ||
| 952 | |0 0 |1 0 |4 0 |6 NBM123 |7 1 |9 52601 |a Arxiu |b Arxiu |d 2016-12-01 |l 0 |o NBM-1-23 |p 20783 |r 2016-12-01 00:00:00 |w 2016-12-01 |y ARXIU | ||
| 999 | |c 56450 |d 56450 | ||